France Country Quiz - Statistics

General Stats
  • This quiz has been taken 1,760 times
    1,106 since last reset
  • The average score is 17 of 30
Answer Stats
Hint Answer % Correct
Capital city Paris
99%
Currency Euro (EUR)
95%
Bordering ocean Atlantic Ocean
91%
Former currency French franc (FF)
83%
French territory in South America French Guiana
79%
Great military and political leader in 19th century Napoleon Bonaparte
79%
Body of water between England and France English Channel
77%
Medieval fortress and former jail in Paris Bastille
71%
Biggest island Corsica
71%
D-Day territory Normandy
71%
Spanish cubist painter who lived and died in France Pablo Picasso
64%
Year when French Revolution took place 1789
63%
Region and sparkling wine Champagne
63%
Place of his final military end Waterloo
57%
Crescent shaped pastry Croissant
55%
Famous cabaret in Paris Moulin Rouge
55%
Leader of Free France Charles de Gaulle
53%
Pierre and Marie Curie
53%
European country in French - Pays-Bas Netherlands
52%
France's National Day 14 July
50%
Wax sculptor Madame... Tussaud
43%
Famous avenue in Paris Champs-Élysées
40%
Famous monument at the western end of it Arc de Triomphe
37%
Nickname for University of Paris Sorbonne
32%
The Three Musketeers author Alexandre Dumas
31%
Overseas territory where they have common border Saint Martin
27%
The most visited theme park in all of Europe Disneyland Paris
26%
Composer best known for his opera Carmen Georges Bizet
26%
17th century cardinal Richelieu
24%
Motto of ^ One for all, all for one
10%
No matching quizzes found
Score Distribution
Percent of People with Each Score
Percentile by Number Answered
Your Score History
You have not taken this quiz since the last reset